<?xml version="1.0" encoding="UTF-8"?>
<record
    xmlns:xsi="http://www.w3.org/2001/XMLSchema-instance"
    xsi:schemaLocation="http://www.loc.gov/MARC21/slim http://www.loc.gov/standards/marcxml/schema/MARC21slim.xsd"
    xmlns="http://www.loc.gov/MARC21/slim">

  <leader>00703nam a22002057a 4500</leader>
  <controlfield tag="005">20160226154959.0</controlfield>
  <controlfield tag="008">160218b        xxu||||| |||| 00| 0 eng d0</controlfield>
  <datafield tag="020" ind1=" " ind2=" ">
    <subfield code="a">9788131234310</subfield>
    <subfield code="c">1075.00</subfield>
  </datafield>
  <datafield tag="035" ind1=" " ind2=" ">
    <subfield code="a">B-621600</subfield>
  </datafield>
  <datafield tag="037" ind1=" " ind2=" ">
    <subfield code="b">Patel Nagar/RP</subfield>
  </datafield>
  <datafield tag="082" ind1=" " ind2=" ">
    <subfield code="a">617.51</subfield>
  </datafield>
  <datafield tag="100" ind1=" " ind2=" ">
    <subfield code="a">Dhingra,P.L.</subfield>
  </datafield>
  <datafield tag="245" ind1=" " ind2=" ">
    <subfield code="a">Diseases of ear, nose &amp; throat and head &amp; neck surgery /</subfield>
    <subfield code="c">by P.L. Dhingra [and] Shruti Dhingra</subfield>
  </datafield>
  <datafield tag="250" ind1=" " ind2=" ">
    <subfield code="a">6th ed</subfield>
  </datafield>
  <datafield tag="260" ind1=" " ind2=" ">
    <subfield code="b">Elsevier</subfield>
    <subfield code="c">2015</subfield>
    <subfield code="a">New Delhi</subfield>
  </datafield>
  <datafield tag="300" ind1=" " ind2=" ">
    <subfield code="a">xiii,476p. :</subfield>
    <subfield code="b">ill.</subfield>
  </datafield>
  <datafield tag="700" ind1=" " ind2=" ">
    <subfield code="a">Dhingra,Shruti</subfield>
  </datafield>
  <datafield tag="942" ind1=" " ind2=" ">
    <subfield code="2">ddc</subfield>
    <subfield code="c">EN</subfield>
    <subfield code="h">617.51</subfield>
    <subfield code="m">DHI</subfield>
  </datafield>
  <datafield tag="999" ind1=" " ind2=" ">
    <subfield code="c">98817</subfield>
    <subfield code="d">98817</subfield>
  </datafield>
  <datafield tag="952" ind1=" " ind2=" ">
    <subfield code="0">0</subfield>
    <subfield code="1">0</subfield>
    <subfield code="2">ddc</subfield>
    <subfield code="4">0</subfield>
    <subfield code="7">0</subfield>
    <subfield code="8">NFIC</subfield>
    <subfield code="a">BL1</subfield>
    <subfield code="b">BL1</subfield>
    <subfield code="d">2016-02-11</subfield>
    <subfield code="e">Pansy Books/DPL/PN/RP/2015/3.12.15/1572/21.12.15/25.2.16</subfield>
    <subfield code="g">1075.00</subfield>
    <subfield code="l">0</subfield>
    <subfield code="o">617.51 DHI</subfield>
    <subfield code="p">B-621600</subfield>
    <subfield code="r">2016-02-11 00:00:00</subfield>
    <subfield code="t">1</subfield>
    <subfield code="v">1075.00</subfield>
    <subfield code="y">EN</subfield>
  </datafield>
</record>
